Lysi : socail change in a Cypriot village
Αποθηκεύτηκε σε:
| Κύριος συγγραφέας: | |
|---|---|
| Άλλοι συγγραφείς: | , |
| Μορφή: | Βιβλίο |
| Γλώσσα: | English |
| Δημοσίευση: |
Nicosia :
Social Research Center,
1978
|
| Σειρά: | Δημοσιεύματα της βιβλιοθήκης του Εθνικού Κέντρου Κοινωνικών Ερευνών ;
; 1 |
| Θέματα: | |
| Ετικέτες: |
Προσθήκη ετικέτας
Δεν υπάρχουν, Καταχωρήστε ετικέτα πρώτοι!
|
MARC
| LEADER | 00000cam a2200000 i 4500 | ||
|---|---|---|---|
| 001 | 1/32141 | ||
| 008 | 060711s1978 eng d | ||
| 035 | |l 10084599 | ||
| 040 | |a GR-MY-UA |b gre |e aacr | ||
| 041 | 0 | |a eng | |
| 082 | 0 | |a 307.762 |2 (22) | |
| 100 | 1 | |a Μαρκίδης, Κυριάκος Κ. | |
| 245 | 1 | 0 | |a Lysi : |b socail change in a Cypriot village / |c by Kyriakos C. Markides, Eleni S. Nikita, Elengo N. Rangou |
| 260 | |a Nicosia : |b Social Research Center, |c 1978 | ||
| 300 | |a 214 σ.; |b πιν., χάρτ.; |c 24 εκ. | ||
| 490 | 1 | |a Publications of the Social Research Centre |v ; 1 | |
| 504 | |a Περιέχει βιβλιογραφία | ||
| 650 | 0 | 0 | |a Villages |z Cyprus |x Case studies. |
| 651 | 0 | |a Lysi (Cyprus) |x Social conditions. | |
| 700 | 1 | |a Νικήτα, Ελένη Σ. | |
| 700 | 1 | |a Ράγκου, Ελέγκω Ν. | |
| 830 | 0 | |a Δημοσιεύματα της βιβλιοθήκης του Εθνικού Κέντρου Κοινωνικών Ερευνών ; |v ; 1 | |
| 852 | |a INST |b LESVOS |e 20060711 |h 307.095645 ΜΑΡ |p 005100036252 |q 005100036252 |t BK |y 0 | ||
| 901 | |a BIBL1-2006-2 | ||
| 909 | |a Λ |b 128913 | ||
| 970 | |a ΚΑΡΑ |b ΓΙΑΣΕΜΗ |z 2006/07/11 | ||